Les Classiques Disney/Pixar Commençant par C - Statistiques

Statistiques générales
  • Ce quiz a été pris 26 fois
  • Le résultat moyen est 6 sur 14
Statistiques - réponses
Indice Réponse % Correct
1950 Cendrillon
89%
2011 Cars 2
67%
2017 Cars 3
67%
2006 Cars, Quatre Roues
67%
2017 Coco
67%
2002 Cendrillon 2, Une Vie de Princesse
50%
2005 Chicken little
39%
1947 Coquin de printemps
28%
1949 le Crapaud et le Maitre D'Ecole
28%
2014 Clochette et la fée Pirate
22%
2009 Clochette et la Pierre de Lune
22%
2014 Clochette et la créature légendaire
17%
2012 Clochette et le Secret des fées
17%
2010 Clochette et l'expédition féerique
17%
Aucun quiz correspondant
Distribution des résultats
% des personnes avec chaque résultat
Percentile par nombre de réponses
Votre historique - résultats
Vous n’avez pas pris ce quiz